ہمعات ;; Humaat / (Record no. 85520)
[ view plain ]
| 000 -LEADER | |
|---|---|
| fixed length control field | 00564nam a2200181 4500 |
| 001 - CONTROL NUMBER | |
| control field | 85520 |
| 003 - CONTROL NUMBER IDENTIFIER | |
| rucl marc code | BD-RjUL |
| 005 - DATE AND TIME OF LATEST TRANSACTION | |
| control field | 20250812121408.0 |
| 008 - FIXED-LENGTH DATA ELEMENTS--GENERAL INFORMATION | |
| fixed length control field | 250812s1970 ii ||||| |||| 00| 0 urd d |
| 035 ## - SYSTEM CONTROL NUMBER | |
| System control number | (BD-RjUL)85520 |
| 040 ## - CATALOGING SOURCE | |
| Original cataloging agency | BD-RjUL |
| Language of cataloging | eng |
| Transcribing agency | BD-RjUL |
| 041 ## - LANGUAGE CODE | |
| Language code of text/sound track or separate title | urd |
| 082 ## - DEWEY DECIMAL CLASSIFICATION NUMBER | |
| Edition number | 23 |
| Classification number | 297.5 |
| Author mark and year | DEH 1970 |
| 100 ## - MAIN ENTRY--PERSONAL NAME | |
| Personal name | دہلوی، شاہ ولی اللہ ;; Dehlavi, Shah Waliullah |
| 9 (RLIN) | 16585 |
| 245 ## - TITLE STATEMENT | |
| Title | ہمعات ;; Humaat / |
| Statement of responsibility, etc. | شاہ ولی اللہ دہلوی ;; Shah Waliullah Dehlvi |
| 260 ## - PUBLICATION, DISTRIBUTION, ETC. (IMPRINT) | |
| Place of publication, distribution, etc. | Lahore : |
| Name of publisher, distributor, etc. | Sindh sagar akademy, |
| Date of publication, distribution, etc. | 1970 |
| 942 ## - ADDED ENTRY ELEMENTS (KOHA) | |
| Source of classification or shelving scheme | Dewey Decimal Classification |
| Koha item type | Books |
| Lost status | Source of classification or shelving scheme | Damaged status | Not for loan | Collection code | Permanent Location | Current Location | Shelving location | Date acquired | Total Checkouts | Full call number | Date last seen | Copy number | Koha item type |
|---|---|---|---|---|---|---|---|---|---|---|---|---|---|
| Dewey Decimal Classification | Not For Loan | Non-fiction | Central Library, University of Rajshahi | Central Library, University of Rajshahi | Reading Room | 12/08/2025 | U 297.5 DEH 1970 | 12/08/2025 | C-1 | Books |